Principes de linguistique théorique de Gustave Guillaume,

Saved in:
Bibliographic Details
Main Author: Guillaume, Gustave, 1883-1960
Other Authors: Valin, Roch (ed.)
Format: Book
Language:French
Published: Québec, Paris, Presses de l'Université Laval; Librairie C. Klincksieck, 1973.
Subjects:
LEADER 00990nam a2200241 4500
001 c000320860
003 CARM
005 00000000000000.0
008 740401s1973 quc 00010 fre
015 |a C73-3479 
019 1 |a 320800  |z 55550899  |5 LACONCORD2021 
020 |a 0774666390 
035 |a (OCoLC)874701  |5 LACONCORD2021 
050 0 0 |a P27  |b .G8 1973 
100 1 |a Guillaume, Gustave,  |d 1883-1960. 
245 1 0 |a Principes de linguistique théorique de Gustave Guillaume,  |c recueil de textes inédits préparé en collab. sous la direction de Roch Valin. 
260 |a Québec,  |b Presses de l'Université Laval;  |a Paris,  |b Librairie C. Klincksieck,  |c 1973. 
300 |a 276 p.  |c 21 cm. 
650 0 |a Language and languages. 
700 1 |a Valin, Roch.  |e ed. 
852 8 |b CARM  |h A1:AN19G0  |i B08611  |p 0412544  |f BK 
999 f f |i ee813d47-91db-5e3a-b87f-f5a1164c98a6  |s 499208c0-03ce-5ee9-884e-9adcee940053 
952 f f |p Can circulate  |a CAVAL  |b CAVAL  |c CAVAL  |d CARM 1 Store  |e B08611  |f A1:AN19G0  |h Other scheme  |i book  |m 0412544